| 000 | 00341nam a2200133Ia 4500 | ||
|---|---|---|---|
| 008 | 240624s9999 xx 000 0 und d | ||
| 041 | _aeng | ||
| 082 | _a658.4012 HAX | ||
| 100 | _aHAX ARNOLDO C | ||
| 245 | _aDELTA MODEL REINVENTING YOUR BUSINESS ST | ||
| 260 |
_c2010 _aCambridge _bSpringer |
||
| 300 | _axx, : 235 : p. | ||
| 365 |
_cERU _b28 |
||
| 999 |
_c24182 _d24182 |
||